Sports Quiz

Random Sports Quiz

Can you name top 5 current leaders in each stat Quiz Stats

 Plays Quiz not verified by Sporcle

Also try: NBA Mascot Blitz
Challenge
Share
Tweet
Embed
Score 0/30 Timer 14:00
0 Plays Today
Stat Player % Correct
PointsRussell Westbrook
93.8%
AssistsJames Harden
93.8%
PointsJames Harden
93.8%
AssistsRussell Westbrook
93.8%
PointsIsaiah Thomas
87.5%
PointsAnthony Davis
87.5%
AssistsJohn Wall
87.5%
AssistsChris Paul
87.5%
Field Goal PercentageDeAndre Jordan
87.5%
ReboundsDeAndre Jordan
87.5%
BlocksAnthony Davis
87.5%
StealsJohn Wall
87.5%
StealsChris Paul
87.5%
PointsDemar Derozan
75%
Field Goal PercentageRudy Gobert
68.8%
Stat Player % Correct
Field Goal PercentageDwight Howard
68.8%
Field Goal PercentageMarcin Gortat
68.8%
ReboundsRudy Gobert
68.8%
ReboundsDwight Howard
68.8%
BlocksRudy Gobert
68.8%
StealsDraymond Green
68.8%
AssistsRicky Rubio
62.5%
Field Goal PercentageClint Capela
62.5%
ReboundsHassan Whiteside
62.5%
ReboundsAndre Drummond
62.5%
BlocksHassan Whiteside
62.5%
StealsJimmy Butler
62.5%
BlocksKristaps Porzingis
56.3%
BlocksMyles Turner
50%
StealsRobert Covington
37.5%

You're not logged in!

Compare scores with friends on all Sporcle quizzes.
OR
Log In

You Might Also Like...

Show Comments

Extras

Created Jul 21, 2017ReportNominate
Tags:leader, player, stat, team

Top Quizzes Today


Score Distribution

Your Account Isn't Verified!

In order to create a playlist on Sporcle, you need to verify the email address you used during registration. Go to your Sporcle Settings to finish the process.

Report this User

Report this user for behavior that violates our Community Guidelines.

Details: